Imágenes del maya en Guatemala: (Registro nro. 34)

Detalles MARC
000 -LEADER
campo de control de longitud fija 01897nab a2200241 i 4500
001 - NÚMERO DE CONTROL
campo de control 34
003 - IDENTIFICADOR DE NÚMERO DE CONTROL
campo de control gtuscu
005 - FECHA Y HORA DE LA ÚLTIMA TRANSACCIÓN
campo de control 20250827151537.0
007 - CAMPO FIJO DE DESCRIPCIÓN FÍSICA--INFORMACIÓN GENERAL
campo de control de longitud fija ta
008 - DATOS DE LONGITUD FIJA--INFORMACIÓN GENERAL
campo de control de longitud fija 241015b1997 gt fr|j| |||| 00| 0 spa d
022 ## - NÚMERO INTERNACIONAL NORMALIZADO PARA PUBLICACIONES SERIADAS
Número Internacional Normalizado para Publicaciones Seriadas 02529963
040 ## - FUENTE DE CATALOGACIÓN
Centro catalogador/agencia de origen gtuscu
Lengua de catalogación spa
Centro/agencia transcriptor gtuscu
Centro/agencia modificador gtuscu
Normas de descripción rda
041 ## - CÓDIGO DE IDIOMA
Código de lengua del texto/banda sonora o título independiente spa
100 1# - ENTRADA PRINCIPAL--NOMBRE DE PERSONA
Nombre de persona Hendrickson, Carol
Término indicativo de función/relación autora.
245 1# - MENCIÓN DEL TÍTULO
Título Imágenes del maya en Guatemala:
Resto del título el papel del traje indígena en las construcciones del indígenas y del ladino /
Mención de responsabilidad, etc. Carol Hendrickson.
264 ## - PRODUCCIÓN, PUBLICACIÓN, DISTRIBUCIÓN, FABRICACIÓN Y COPYRIGHT
Producción, publicación, distribución, fabricación y copyright Antigua Guatemala, Guatemala,
Nombre del de productor, editor, distribuidor, fabricante CIRMA,
Fecha de producción, publicación, distribución, fabricación o copyright 1997.
300 ## - DESCRIPCIÓN FÍSICA
Extensión páginas 15-40 :
Dimensiones 26.5 cm
520 3# - RESUMEN, ETC.
Sumario, etc. En Guatemala, las imágenes del maya se construyen, comercializan, alaban, manipulan, manipulan y denuncian a niel tanto local, como nacional e internacional. Este artículo examina las diferencias fundamentales en cuanto a la concepción que la gente indígena y no-indígena hacen del "maya" y, en particular, del papel del traje maya en la producción y valoración de estas características convencionales.<br/>Las clasificaciones de los mayas aquí tratados, sugieren modelos distintos de construcción de la sociedad guatemalteca y señalan las relaciones entre los dos grupos étnicos principales. En sus extremos, las imágenes se usan para caracterizar a la población como un grupo integrado e interrelacionado, por un lado, o como unidades autónomas, únicas y discretas, por el otro. Se presentan ejemplos del comercio para el turismo, de concursos de belleza, de celebraciones nacionales y de declaraciones anti-gubernamentales
546 ## - NOTA DE IDIOMA
Nota de lengua/lenguaje Título en inglés: Images of the Maya: The role of Indigenous Dress in Indian and Ladino Constructions).
650 14 - PUNTO DE ACCESO ADICIONAL DE MATERIA--TÉRMINO DE MATERIA
Término de materia o nombre geográfico como elemento de entrada Indígenas
Subdivisión geográfica Guatemala
773 ## - ASIENTO DE ITEM FUENTE
Encabezamiento principal Revista Mesoamérica
Lugar, editor y fecha de publicación Antigua Guatemala, CIRMA, 1997.
Descripción física 340 páginas
Número Internacional Normalizado para Publicaciones Seriadas 02529963
Parte(s) relacionada(s) Año 18, número 33.
Procedencia de los datos Mesoamerica
Número de control del registro 45
942 ## - ELEMENTOS DE ENTRADA SECUNDARIOS (KOHA)
Fuente de la clasificación o esquema de estantería Clasificación Decimal Dewey
Tipo de ítem Koha ANALITICA
Suprimir en OPAC No
Parte de la signatura que corresponde a la clasificación (Parte de la clasificación) Año 18, no. 33
Existencias
Estatus retirado Estado de pérdida Fuente de la clasificación o esquema de estantería Estado de daño No para préstamo Colección Biblioteca de origen Biblioteca actual Ubicación en estantería Fecha de adquisición Número de inventario Total de préstamos Signatura topográfica completa Visto por última vez Precio de reemplazo Tipo de ítem Koha
    Clasificación Decimal Dewey     Revista BIBLIOTECA CEUR FLAVIO QUESADA SALDAÑA BIBLIOTECA CEUR FLAVIO QUESADA SALDAÑA Colecciòn de Publicaciones Periódicas 15/10/2018 16H-17042-2018   Año 18, número 33 15/10/2024 15/10/2024 ANALITICA